000 00759 a2200205 4500
020 _a0072225882
040 _aDLC
_bDLC
082 0 0 _a005.13/3
100 1 _aSchildt, Herbert.
245 1 0 _aJava 2 : a beginner's guide
_cHerbert Schildt.
246 3 0 _aJava two
250 _a2nd ed.
260 _aNew York :
_bMcGraw-Hill/Osborne,
_cc2003.
300 _axxii, 520 p. :
_bill. ;
_c24 cm.
650 0 _aJava (Computer program language)
856 4 2 _3Contributor biographical information
_uhttp://www.loc.gov/catdir/bios/mh042/2003277145.html
856 4 2 _3Table of contents
_uhttp://www.loc.gov/catdir/toc/mh041/2003277145.html
856 4 2 _3Publisher description
_uhttp://www.loc.gov/catdir/description/mh041/2003277145.html
942 _cBK
_k005.133 SCH
_2ddc
999 _c6427
_d6427